LDR 00648naa#a2200157#i#450# 001 EN\\bibl\19417 005 20260516072715.6 100 ## _a20260515b2026####ek#y0engy0150####ca 102 ## _aRU 200 1# _aBIORESOURCE POTENTIAL OF THE ILOVLINSKO-MEDVEDITSKY INTERFLUVE PASTURE ECOSYSTEMS _eConference article/thesis 210 1# _aVoronezh _cFSBE Institution of Higher Education Voronezh State University of Forestry and Technologies named after G.F. Morozov _d2026 215 ## _a7 с. 608 ## _aConference article/thesis _2local 675 ## _aЕстественные насаждения в целом. 631.963.2 _z 700 #1 _aVlasenko _gM. V. 856 4# _abibl.vgltu.ru _u